[Event "HZ Chess Tournament 2019"]
[Site "Vlissingen"]
[Date "2019.08.07"]
[Round "6.37"]
[White "Fritsche, Alan"]
[Black "Coenen, Eduard"]
[Result "0-1"]
[WhiteElo "1657"]
[BlackElo "2101"]
[PlyCount "126"]
[EventCountry "NED"]

1. e4 g6 2. d4 Bg7 3. Nc3 d6 4. f4 a6 5. Nf3 b5 6. Bd3 c5 7. dxc5 dxc5 8. e5
Bb7 9. Ng5 Nh6 10. Qe2 Nc6 11. Be3 Nd4 12. Bxd4 cxd4 13. Nce4 O-O 14. O-O-O Bd5
15. Kb1 Nf5 16. Nxh7 Qa5 17. b3 Kxh7 18. Ng5+ Kg8 19. Bxf5 gxf5 20. Qh5 Rfc8
21. Qh7+ Kf8 22. Qxf5 Qb6 23. Rhe1 Qg6 24. Qxg6 fxg6 25. Rxd4 e6 26. g4 Bh6 27.
Nh7+ Kf7 28. Nf6 Rd8 29. Red1 Ra7 30. f5 gxf5 31. gxf5 exf5 32. Rxd5 Rxd5 33.
Rxd5 Ke6 34. Rc5 Be3 35. Rc6+ Kxe5 36. c3 f4 37. Kc2 a5 38. Ng4+ Ke4 39. Kd1
Kf3 40. Nxe3 Kxe3 41. Ke1 Rg7 42. Kf1 Rd7 43. Re6+ Kf3 44. Ke1 Rg7 45. c4 Rg1+
46. Kd2 bxc4 47. bxc4 Ra1 48. c5 Rxa2+ 49. Kd3 Rxh2 50. c6 Rh1 51. Re2 Rh6 52.
Ra2 Rd6+ 53. Kc4 Rxc6+ 54. Kb5 Rc8 55. Rxa5 Kg3 56. Ra7 f3 57. Rg7+ Kf2 58. Kb4
Ke2 59. Re7+ Kf1 60. Rf7 f2 61. Ra7 Rg8 62. Ra1+ Kg2 63. Ra2 Kg1 0-1

[Event "HZ Chess Tournament 2019"]
[Site "Vlissingen"]
[Date "2019.08.07"]
[Round "6.38"]
[White "Van Der Straeten, Lieven"]
[Black "De Wolf, Johan"]
[Result "1/2-1/2"]
[WhiteElo "1809"]
[BlackElo "2075"]
[PlyCount "25"]
[EventCountry "NED"]

1. Nc3 d5 2. e4 dxe4 3. Nxe4 Nd7 4. Bc4 e6 5. Nf3 Ngf6 6. d3 Be7 7. O-O Nb6 8.
Bb3 Nxe4 9. dxe4 Qxd1 10. Rxd1 Bd7 11. Bf4 c5 12. Ne5 Ba4 13. Bxa4+ 1/2-1/2

[Event "HZ Chess Tournament 2019"]
[Site "Vlissingen"]
[Date "2019.08.07"]
[Round "6.39"]
[White "Skutta, Bernd"]
[Black "Spears, Russell"]
[Result "1-0"]
[WhiteElo "2007"]
[BlackElo "1805"]
[PlyCount "67"]
[EventCountry "NED"]

1. d4 Nf6 2. Nf3 d5 3. c4 e6 4. g3 dxc4 5. Bg2 Bb4+ 6. Nbd2 c6 7. O-O b5 8. Qc2
Bb7 9. b3 cxb3 10. Nxb3 Nbd7 11. Ne1 Rc8 12. Nd3 Be7 13. Bd2 Nb6 14. Ba5 Ba8
15. Rfd1 Qc7 16. Rac1 Qb8 17. Ne5 Nfd5 18. e4 Nb4 19. Qd2 Na6 20. Qc3 f6 21.
Nd3 Nc4 22. Ndc5 Nc7 23. Bxc7 Rxc7 24. Nxe6 Rd7 25. Nxg7+ Kf7 26. Nf5 Ba3 27.
Rb1 Rhd8 28. Qf3 Kg8 29. Bh3 Kh8 30. Nh6 Rg7 31. Be6 Rf8 32. Bxc4 bxc4 33. Nc5
Qd8 34. Nf5 1-0

[Event "HZ Chess Tournament 2019"]
[Site "Vlissingen"]
[Date "2019.08.07"]
[Round "6.40"]
[White "Galle, Andre"]
[Black "De Meester, Johan"]
[Result "1-0"]
[WhiteElo "1983"]
[BlackElo "1748"]
[PlyCount "43"]
[EventCountry "NED"]

1. d4 d5 2. c4 c6 3. cxd5 cxd5 4. Nc3 e6 5. Bf4 Bd6 6. Bg3 Nf6 7. e3 a6 8. Bd3
Nc6 9. Rc1 Bxg3 10. hxg3 e5 11. dxe5 Nxe5 12. Be2 Be6 13. Nf3 Nc6 14. O-O O-O
15. Nd4 Nxd4 16. Qxd4 Qd7 17. Na4 Rad8 18. Nb6 Qd6 19. Rfd1 Nd7 20. Nxd5 Bxd5
21. Qxd5 Qb4 22. Rc7 1-0

[Event "HZ Chess Tournament 2019"]
[Site "Vlissingen"]
[Date "2019.08.07"]
[Round "6.41"]
[White "Van Doren, Bas"]
[Black "Alberts, Henk"]
[Result "1-0"]
[WhiteElo "1976"]
[BlackElo "1702"]
[PlyCount "123"]
[EventCountry "NED"]

1. e4 e5 2. Nf3 Nc6 3. d4 exd4 4. Nxd4 Bc5 5. Be3 Qf6 6. c3 b6 7. Qd2 Bb7 8. b4
Be7 9. f3 O-O-O 10. Be2 h5 11. Na3 g5 12. Nc4 d5 13. e5 Nxe5 14. Nxe5 Qxe5 15.
Nb5 f6 16. Nxa7+ Kb8 17. Nb5 Nh6 18. Bd4 Qe6 19. a4 Nf5 20. a5 c6 21. a6 cxb5
22. axb7 Nxd4 23. Qxd4 Rhe8 24. O-O Qc6 25. Qd3 Qc4 26. Qc2 Bc5+ 27. bxc5 Rxe2
28. Qh7 Qxc5+ 29. Kh1 Re7 30. Qf5 Qd6 31. Ra8+ Kxb7 32. Rxd8 Qxd8 33. Qxf6 Rd7
34. Qf5 Qe7 35. h3 Kc6 36. Ra1 Rd8 37. Qg6+ Rd6 38. Qxh5 Qe3 39. Qh8 Qe7 40.
Ra8 Rd7 41. Re8 Qg7 42. Re6+ Kb7 43. Qxg7 Rxg7 44. Rd6 Rc7 45. Rxd5 Rc5 46. Rd3
Ka6 47. Kg1 Ka5 48. Kf2 Re5 49. Re3 Rd5 50. Ke2 Ka4 51. Rd3 Re5+ 52. Kd2 Kb3
53. Rd4 Rc5 54. Rb4+ Ka3 55. f4 Rd5+ 56. Kc2 gxf4 57. Rxf4 Re5 58. Kd3 Rd5+ 59.
Rd4 Rxd4+ 60. Kxd4 b4 61. cxb4 Kxb4 62. h4 1-0

[Event "HZ Chess Tournament 2019"]
[Site "Vlissingen"]
[Date "2019.08.07"]
[Round "6.42"]
[White "Oosting, Robert"]
[Black "Silkaitis, Laimis"]
[Result "1/2-1/2"]
[WhiteElo "1962"]
[BlackElo "1678"]
[PlyCount "66"]
[EventCountry "NED"]

1. e4 g6 2. d4 Bg7 3. Nf3 d6 4. Nc3 a6 5. a4 b6 6. Bd3 Nd7 7. O-O e6 8. Bg5 Ne7
9. Qd2 O-O 10. Bh6 Bb7 11. Rfe1 Re8 12. Bxg7 Kxg7 13. Rad1 d5 14. e5 c5 15. Qf4
cxd4 16. Ne2 Nc6 17. Nexd4 Nxd4 18. Nxd4 Qe7 19. c3 Rac8 20. Re3 h6 21. Rg3 Nc5
22. Bb1 Ne4 23. Rh3 Qg5 24. Qxg5 Nxg5 25. Re3 Ne4 26. f4 h5 27. Bc2 Red8 28.
Kf1 Kf8 29. Ke2 Ke7 30. Nf3 Nc5 31. b4 Nd7 32. Nd4 Nb8 33. h3 Nc6 1/2-1/2

[Event "HZ Chess Tournament 2019"]
[Site "Vlissingen"]
[Date "2019.08.07"]
[Round "6.43"]
[White "Klein, Jorik"]
[Black "Van Rij, Gert"]
[Result "1/2-1/2"]
[WhiteElo "1804"]
[BlackElo "1960"]
[PlyCount "108"]
[EventCountry "NED"]

1. e4 e6 2. d4 d5 3. Nd2 c5 4. exd5 Qxd5 5. Ngf3 cxd4 6. Bc4 Qd6 7. O-O Nf6 8.
Nb3 Nc6 9. Nbxd4 Nxd4 10. Qxd4 Bd7 11. Bf4 Qxd4 12. Nxd4 Rc8 13. Bd3 a6 14. c4
g6 15. Rac1 Be7 16. Nf3 Nh5 17. Be3 Bf6 18. Bd4 O-O 19. Be4 Bxd4 20. Nxd4 Rc7
21. b4 e5 22. Nb3 Nf4 23. Rfe1 f5 24. Bd5+ Kg7 25. Rcd1 e4 26. Nc5 Bc8 27. h4
b6 28. Na4 Rf6 29. c5 b5 30. Nb2 Rf8 31. g3 Ne6 32. Bxe6 Bxe6 33. Rd6 Bc8 34.
Re2 Rff7 35. Nd1 Rfd7 36. Red2 Rxd6 37. Rxd6 Rd7 38. Rxd7+ Bxd7 39. Nc3 Kf7 40.
Kf1 Ke6 41. Ke2 Ke5 42. Ke3 h6 43. Ne2 g5 44. hxg5 hxg5 45. Kd2 f4 46. gxf4+
gxf4 47. Kc3 Be6 48. Nd4 Bd5 49. c6 Kd6 50. Nf5+ Kxc6 51. Kd4 e3 52. fxe3 fxe3
53. Nxe3 Bxa2 54. Nd1 Bb3 1/2-1/2

[Event "HZ Chess Tournament 2019"]
[Site "Vlissingen"]
[Date "2019.08.07"]
[Round "6.44"]
[White "Van der Borgt, Peter"]
[Black "Hagen, Tejo"]
[Result "1-0"]
[WhiteElo "1938"]
[BlackElo "1662"]
[PlyCount "150"]
[EventCountry "NED"]

1. e4 c5 2. c3 Nf6 3. e5 Nd5 4. g3 d6 5. exd6 e6 6. Bg2 Bxd6 7. Nf3 O-O 8. O-O
Nc6 9. d4 cxd4 10. cxd4 b6 11. Nc3 Nde7 12. Re1 Bb7 13. Ng5 h6 14. Nge4 Nf5 15.
d5 Nce7 16. dxe6 fxe6 17. Nxd6 Nxd6 18. Rxe6 Rf6 19. Rxf6 gxf6 20. Bxb7 Nxb7
21. Qg4+ Kf7 22. Bxh6 Qg8 23. Qc4+ Kg6 24. Qxg8+ Rxg8 25. Be3 Nf5 26. Nd5 Nbd6
27. Rc1 Rc8 28. Nf4+ Kf7 29. Rxc8 Nxc8 30. Bd2 Nd4 31. Kg2 Nd6 32. f3 N6f5 33.
Kf2 Nd6 34. Ne2 N4f5 35. Bf4 Nc4 36. Bc1 Ne5 37. f4 Nd3+ 38. Kf3 Ne1+ 39. Ke4
Ke6 40. g4 Nd6+ 41. Ke3 Nc4+ 42. Kd4 Nd6 43. f5+ Kd7 44. Bf4 Nb7 45. Bg3 Nc2+
46. Kc3 Ne3 47. h3 Nd1+ 48. Kc2 Ne3+ 49. Kd3 Nd5 50. Ke4 Nb4 51. a3 Nc5+ 52.
Kd4 Nc6+ 53. Ke3 Ne7 54. Nc3 Kc6 55. b4 Nd7 56. Kd4 a6 57. Bh4 b5 58. Bg3 Nb6
59. h4 Nd7 60. Ne4 Ng8 61. Bf4 Ne7 62. Nc3 Nb6 63. h5 Nd7 64. Bg3 Nf8 65. Ne2
Nh7 66. Bf4 Ng8 67. Ke4 Ne7 68. Nd4+ Kd7 69. Ne6 Kc6 70. Nd8+ Kd7 71. Nf7 Ke8
72. Nh8 Kd7 73. Ng6 Ng8 74. Kd5 Ne7+ 75. Nxe7 Kxe7 1-0

[Event "HZ Chess Tournament 2019"]
[Site "Vlissingen"]
[Date "2019.08.07"]
[Round "6.45"]
[White "Hendrikse, Ad"]
[Black "Frank, Carolin"]
[Result "1-0"]
[WhiteElo "1925"]
[BlackElo "1575"]
[PlyCount "73"]
[EventCountry "NED"]

1. e4 c6 2. d4 d5 3. exd5 cxd5 4. c4 Nf6 5. Nc3 Be6 6. b3 Nc6 7. Nf3 g6 8. Be2
Bg7 9. Be3 O-O 10. Rc1 Qa5 11. O-O Rfd8 12. Qd2 dxc4 13. bxc4 Ng4 14. d5 Bf5
15. Bf4 e5 16. Bg5 f6 17. h3 e4 18. hxg4 exf3 19. Bxf3 Bxg4 20. Bxg4 fxg5 21.
Be6+ Kh8 22. Qe3 Nd4 23. Ne4 Qxa2 24. Nxg5 Rf8 25. Rfe1 Nc2 26. Qh3 h6 27. Re2
Qxc4 28. Rexc2 Qf4 29. Nf3 a5 30. Rc4 Qd6 31. Ng5 Qb6 32. Ne4 Qb2 33. d6 b5 34.
Rc7 Qe5 35. Qg4 Rf5 36. Qxg6 Qxe4 37. Qxg7# 1-0

[Event "HZ Chess Tournament 2019"]
[Site "Vlissingen"]
[Date "2019.08.07"]
[Round "6.46"]
[White "De Jonge, Edwin"]
[Black "Morssink, Pieter Jan"]
[Result "0-1"]
[WhiteElo "1788"]
[BlackElo "1918"]
[PlyCount "58"]
[EventCountry "NED"]

1. d4 Nf6 2. Nf3 g6 3. g3 Bg7 4. Bg2 c5 5. c3 cxd4 6. cxd4 O-O 7. O-O d5 8. Nc3
Nbd7 9. Qc2 b6 10. e4 dxe4 11. Nxe4 Bb7 12. Nxf6+ Nxf6 13. Rd1 Rc8 14. Qe2 e6
15. Bg5 h6 16. Bxf6 Bxf6 17. Qe3 Kg7 18. h4 Bd5 19. Ne1 Rc7 20. Qd2 Rc4 21.
Bxd5 Rxd4 22. Qc2 Rxd5 23. Rxd5 Qxd5 24. Ng2 Rd8 25. Ne3 Qd2 26. Qe4 Qxb2 27.
Re1 Qxa2 28. h5 Qa5 29. Ng4 Rd4 0-1

[Event "HZ Chess Tournament 2019"]
[Site "Vlissingen"]
[Date "2019.08.07"]
[Round "6.47"]
[White "Koster, Paul"]
[Black "Boerkamp, Harry"]
[Result "0-1"]
[WhiteElo "1764"]
[BlackElo "1915"]
[PlyCount "84"]
[EventCountry "NED"]

1. c4 e5 2. Nc3 Nc6 3. Nf3 f5 4. d4 e4 5. Ng5 Be7 6. Nh3 Nf6 7. e3 O-O 8. g3 d6
9. Bg2 Bd7 10. O-O Be8 11. f3 exf3 12. Bxf3 Bf7 13. b3 Qd7 14. Ng5 Bg6 15. d5
Nd8 16. Nh3 Nf7 17. Nf4 Ne5 18. Nxg6 Nxf3+ 19. Qxf3 hxg6 20. Ne2 Ne4 21. Nd4
Bf6 22. Rd1 Rad8 23. Bb2 Ng5 24. Qe2 Qe7 25. Rd3 Qe4 26. h4 Bxd4 27. Bxd4 Nf3+
28. Kf2 Nh2 29. Re1 Ng4+ 30. Kg1 Kf7 31. Rf1 Kg8 32. Rf4 Qe7 33. Qf3 Ne5 34.
Qd1 Nxd3 35. Qxd3 a6 36. Kg2 g5 37. Rxf5 gxh4 38. Rxf8+ Rxf8 39. gxh4 Qxh4 40.
Qe2 Rf5 41. e4 Rg5+ 42. Kf3 Qg3# 0-1

[Event "HZ Chess Tournament 2019"]
[Site "Vlissingen"]
[Date "2019.08.07"]
[Round "6.48"]
[White "Schakel, Lemmy"]
[Black "Veer Sethi"]
[Result "0-1"]
[WhiteElo "1911"]
[BlackElo "1575"]
[PlyCount "50"]
[EventCountry "NED"]

1. e4 e6 2. c4 c5 3. Nc3 Nc6 4. g3 Nf6 5. Bg2 Be7 6. Nge2 a6 7. d3 O-O 8. O-O
d6 9. Kh1 Qc7 10. f4 Rb8 11. a4 b6 12. f5 Bb7 13. Nf4 e5 14. Nfd5 Qd8 15. Nxf6+
Bxf6 16. Nd5 Nd4 17. Nxf6+ Qxf6 18. Qh5 g6 19. Qh6 Qg7 20. Qh3 h5 21. f6 Qh8
22. Rb1 Bc8 23. Qh4 Bd7 24. b3 Rb7 25. Qg5 Qd8 0-1

[Event "HZ Chess Tournament 2019"]
[Site "Vlissingen"]
[Date "2019.08.07"]
[Round "6.49"]
[White "Kunnavakkam, Sudarshanagop"]
[Black "Van de Poel, Taco"]
[Result "1-0"]
[WhiteElo "1744"]
[BlackElo "1880"]
[PlyCount "75"]
[EventCountry "NED"]

1. e4 c5 2. d4 cxd4 3. c3 Nf6 4. e5 Nd5 5. Qxd4 e6 6. Nf3 Nc6 7. Qe4 f5 8. exf6
Nxf6 9. Qh4 Be7 10. Bd3 b6 11. Bg6+ Kf8 12. Bc2 Ba6 13. Bg5 Qc7 14. Qa4 Qb7 15.
b4 Bc4 16. b5 Ne5 17. Nbd2 Rc8 18. Bxf6 gxf6 19. Bb3 d5 20. Bxc4 Nxc4 21. Qc2
Bd6 22. O-O Rg8 23. Nd4 Qf7 24. Nxc4 Rxc4 25. Qd2 Rg6 26. f4 f5 27. Kh1 Bc5 28.
Nc6 Re4 29. Ne5 Rxe5 30. fxe5 Qg7 31. c4 d4 32. Qd3 Rxg2 33. Qf3 Rg4 34. Rg1 h5
35. h3 d3 36. hxg4 hxg4 37. Rxg4 Qxe5 38. Qa8+ 1-0

[Event "HZ Chess Tournament 2019"]
[Site "Vlissingen"]
[Date "2019.08.07"]
[Round "6.50"]
[White "De Feijter, Niels"]
[Black "De Kleuver, Jonathan"]
[Result "1-0"]
[WhiteElo "1733"]
[BlackElo "1874"]
[PlyCount "82"]
[EventCountry "NED"]

1. c4 Nf6 2. Nc3 d6 3. g3 c5 4. Bg2 Nc6 5. d3 g6 6. Rb1 Bg7 7. a3 O-O 8. b4 Qc7
9. Nf3 Bd7 10. O-O Rae8 11. bxc5 dxc5 12. Bf4 Qc8 13. Ne5 Nxe5 14. Bxe5 Bh3 15.
Qb3 Bxg2 16. Kxg2 b6 17. a4 Qe6 18. Bf4 Nh5 19. Be3 Qc6+ 20. Kg1 f5 21. a5 f4
22. Bd2 fxg3 23. hxg3 Rb8 24. Ne4 Be5 25. f4 Bc7 26. Qb5 Qe6 27. axb6 axb6 28.
Rf3 Ra8 29. Qb2 Qg4 30. Kf2 Ra3 31. Rf1 Rfa8 32. Qb5 Qe6 33. Ng5 Qf6 34. Qd7
Ng7 35. Rh1 Bxf4 36. Qh3 h5 37. Rxf4 Qd6 38. Bc3 Nf5 39. Qg2 e5 40. Re4 Ra2 41.
Rxe5 Qxd3 1-0